| 000 | 00473nab a2200145Ia 4500 | ||
|---|---|---|---|
| 003 | ES-SlBCS | ||
| 005 | 20210601125238.0 | ||
| 008 | 140529s1977 xxu||||| |||| 00| 0 eng d | ||
| 041 | _aeng | ||
| 100 | 1 |
_aGalloway, Joseph W. _9155905 |
|
| 245 | 0 | 0 |
_aOn Johnstone's Phenomenology of Death and Philosophy of Sleep _c Joseph W. Galloway |
| 650 | 0 | 4 |
_aJohnstone _9155906 |
| 773 | 0 |
_tPhilosophy and Phenomenological Research _gvol. 38, 1977, págs. 107-113 _wRev1411 |
|
| 942 | _cAR | ||
| 999 |
_c527146 _d527146 |
||